000 01256nam a2200337 c 4500
003 BLK
005 20250401121725.0
008 180408b bul|||||r ||||||| ||bul||
010 _aKNG00049606000
020 _a954-8060-20-5
_bиздат.: МХ - (Сл. Николов и сие - Шумен)
040 _aBLK
041 _aBUL
_cBUL
080 _aАнглийска литература
_b821.111
_x-312.4
_z821.111-312.4
100 1 _aЧейс, Джеймс Хадли
_eпърви автор
_9241644
700 1 _aКолева, Елена
_eпрев.
_9280478
139 _aЧейс, Джеймс Хадли
_bЧ 49
245 1 0 _aКапан за Джони
_bКримин. роман
_cДжеймс Хадли Чейс; прев. Елена Колева.
257 _aGBR
260 София
_bМХ
_c1993
300 _a176 с.
_c20 см
380 _aX
500 _aБез сведение за ориг. загл. - Офс. изд. - 8 000 тир.
653 _aкрими
653 _aромани
852 _aЦб 178151
856 4 _qpdf
_u
856 4 _qpdf
_u
942 _cKNG
_n0
_017
944 _aCR
_c22.04.2005
_lМинев Младен
_k30530
944 _aED
_c11.05.2017
_lф /
_kЛюдмила_Стоянова
999 _c45807
_d45807